000 00895cam a2200277 a 4500
001 16571256
005 20220222115338.0
008 101208s2012 mauab b 001 0 eng
010 _a 2010942527
020 _a9780495900412 (pbk.)
020 _a0495900419 (pbk.)
040 _aDLC
_cDLC
042 _apcc
050 0 0 _aP107
_b.F57 2012
100 1 _aFinegan, Edward,
_d1940-
245 1 0 _aLanguage :
_bits structure and use /
_cEdward Finegan.
250 _a6th ed.
260 _aBoston, MA :
_bWadsworth Cengage Learning,
_cc2012.
300 _axxv, 564 p. :
_bill., maps ;
_c24 cm.
504 _aIncludes bibliographical references and index.
650 0 _aLanguage and languages.
650 0 _aLinguistics.
906 _a7
_bcbc
_corignew
_d3
_eepcn
_f20
_gy-gencatlg
942 _2lcc
_cBOOKS
_hP 107 .F56 2012
999 _c31088
_d31088